| 000 | 00969nam a2200253 u 4500 | ||
|---|---|---|---|
| 005 | 20221119063531.0 | ||
| 008 | 150217s19972007 r 000 0 eng d | ||
| 020 | _a9682934257 | ||
| 035 | _aUPN01000201774 | ||
| 049 | _aF | ||
| 050 | 4 |
_aLB1578.3 T6.7 _bG8.4 |
|
| 100 | 1 |
_aGuiot Vázquez, María Isabel _938083 |
|
| 245 | 1 | 0 |
_aKgtskul kgalhtawakga chu kgtsonan wa xa tutunaku = _bEmpiezo a leer y escribir en mi lengua : totonaco / _cMaría Isabel Guiot Vázquez, David Bermúdez Jiménez, Guadalupe García Valencia. |
| 260 |
_aMéxico : _bINEA, _c1997 (2007 impr.). |
||
| 300 |
_a31 p. : _bcuadros |
||
| 440 | 0 | _aModelo educación para la vida y el trabajo | |
| 650 | 4 |
_aCartilla totonaca _98375 |
|
| 650 | 4 |
_aTOTONACO - _xESTUDIO Y ENSEÑANZA _924377 |
|
| 700 | 1 |
_aBermúdez Jiménez, David, _ecoaut. |
|
| 700 | 1 |
_aGarcía Valencia, Guadalupe, _ecoaut. |
|
| 740 | 0 | _aEmpiezo a leer y escribir en mi lengua : totonaco | |
| 905 | _aLibro | ||
| 999 |
_c173875 _d173875 |
||